The other Europe : (Record no. 23404)

MARC details
000 -LEADER
campo de control de longitud fija 00832pam a2200289 a 4500
001 - NÚMERO DE CONTROL
campo de control 112574
005 - FECHA Y HORA DE LA ÚLTIMA TRANSACCIÓN
campo de control 20230410103646.0
008 - DATOS DE LONGITUD FIJA--INFORMACIÓN GENERAL
campo de control de longitud fija 871005s1988 nyub b 001 0 eng
035 ## - NÚMERO DE CONTROL DEL SISTEMA
-- (DLC) 87028560
035 ## - NÚMERO DE CONTROL DEL SISTEMA
Número de control de sistema 3841580
010 ## - NÚMERO DE CONTROL DE LA BIBLIOTECA DEL CONGRESO
Número de control de LC 87028560
020 ## - NÚMERO INTERNACIONAL ESTÁNDAR DEL LIBRO
Número Internacional Estándar del Libro 0815624123
040 ## - FUENTE DE CATALOGACIÓN
Centro catalogador/agencia de origen DLC
Centro/agencia transcriptor DLC
Centro/agencia modificador DLC
043 ## - CÓDIGO DE ÁREA GEOGRÁFICA
Código de área geográfica ee-----
050 14 - SIGNATURA TOPOGRÁFICA DE LA BIBLIOTECA DEL CONGRESO
Número de clasificación 300 DJK 38
Número de ítem W235o 1988
082 00 - NÚMERO DE LA CLASIFICACIÓN DECIMAL DEWEY
Número de clasificación 940
100 1# - ENTRADA PRINCIPAL--NOMBRE DE PERSONA
Nombre de persona Walters, E. Garrison.
245 14 - MENCIÓN DEL TÍTULO
Título The other Europe :
Resto del título Eastern Europe to 1945 /
Mención de responsabilidad, etc. E. Garrison Walters.
250 ## - MENCION DE EDICION
Mención de edición 1st ed.
260 ## - PUBLICACIÓN, DISTRIBUCIÓN, ETC.
Lugar de publicación, distribución, etc. Syracuse, N.Y. :
Nombre del editor, distribuidor, etc. Syracuse University Press,
Fecha de publicación, distribución, etc. 1987, c1988.
300 ## - DESCRIPCIÓN FÍSICA
Extensión xiii, 430 p. :
Otras características físicas maps ;
Dimensiones 24 cm.
504 ## - NOTA DE BIBLIOGRAFÍA, ETC.
Nota de bibliografía, etc. Bibliography: p. 407-416.
500 ## - NOTA GENERAL
Nota general Includes index.
651 #0 - PUNTO DE ACCESO ADICIONAL DE MATERIA--NOMBRE GEOGRÁFICO
Nombre geográfico Europe, Eastern
Subdivisión general History.
651 #4 - PUNTO DE ACCESO ADICIONAL DE MATERIA--NOMBRE GEOGRÁFICO
Nombre geográfico Europa del Este
Subdivisión general Historia.
942 ## - ELEMENTOS DE ENTRADA SECUNDARIOS (KOHA)
Fuente del sistema de clasificación o colocación Clasificación de Library of Congress
Tipo de ítem Koha
Holdings
Estatus retirado Estado de pérdida Fuente del sistema de clasificación o colocación Estado de daño No para préstamo Colección Biblioteca de origen Biblioteca actual Ubicación en estantería Fecha de adquisición Signatura topográfica completa Código de barras Visto por última vez Copia número Tipo de ítem Koha
    Clasificación de Library of Congress     Recursos Regionales Biblioteca Juan Bosch Biblioteca Juan Bosch Recursos Regionales (2do. Piso) 10/04/2023 300 DJK 38 W235o 1988 00000106382 23/10/2018 1